El capitán Scarthe (Record no. 163187)

MARC details
000 -LEADER
campo de control de longitud fija 00976nam a22002415i 4500
001 - NÚMERO DE CONTROL
campo de control 163187
003 - IDENTIFICADOR DE NÚMERO DE CONTROL
campo de control ES-MaACL
005 - FECHA Y HORA DE LA ÚLTIMA TRANSACCIÓN
campo de control 20230906212706.0
008 - DATOS DE LONGITUD FIJA--INFORMACIÓN GENERAL
campo de control de longitud fija 040910s1873 sp a |||| | spa d
040 ## - FUENTE DE CATALOGACIÓN
Centro catalogador/agencia de origen CAM
Lengua de catalogación spa
Centro/agencia transcriptor CAM
100 1# - ENTRADA PRINCIPAL--NOMBRE DE PERSONA
Nombre de persona Reid, Mayne (
Fechas asociadas al nombre 1818-1883)
9 (RLIN) 95977
245 13 - MENCIÓN DEL TÍTULO
Título El capitán Scarthe
Resto del título : segunda parte de El guante blanco /
Mención de responsabilidad, etc. obra escrita en inglés por el capitán Mayne-Reid ; traducida por Juan Sala.
250 ## - MENCION DE EDICION
Mención de edición Ed. il. con grabados.
260 ## - PUBLICACIÓN, DISTRIBUCIÓN, ETC.
Lugar de publicación, distribución, etc. Madrid :
Nombre del editor, distribuidor, etc. Imprenta y librería de Gaspar y Roig, editores,
Fecha de publicación, distribución, etc. 1873.
300 ## - DESCRIPCIÓN FÍSICA
Extensión 61 p. :
Otras características físicas il. ;
Dimensiones 28 cm.
490 1# - MENCIÓN DE SERIE
Mención de serie Biblioteca de Gaspar y Roig
490 1# - MENCIÓN DE SERIE
Mención de serie Aventuras de mar y tierra
700 0# - ENTRADA AGREGADA--NOMBRE PERSONAL
Nombre de persona Salas, Juan.
9 (RLIN) 101735
830 0# - PUNTO DE ACCESO ADICIONAL DE SERIE-TÍTULO UNIFORME
Título uniforme Biblioteca de Gaspar y Roig
9 (RLIN) 222246
830 0# - PUNTO DE ACCESO ADICIONAL DE SERIE-TÍTULO UNIFORME
Título uniforme Aventuras de mar y tierra
9 (RLIN) 188405
852 ## - LOCALIZACIÓN
Ubicación ES-MaACL
Número de control de estantería C-1199(6)
Nota libre -- Enc. hol.
-- -- Legado de M. de la Fuente
condición física -- Falto de la cub. original
Nota libre -- Enc. en un vol. facticio
Holdings
Estatus retirado Estado de pérdida Estado de daño No para préstamo Colección Biblioteca de origen Biblioteca actual Ubicación en estantería Fecha de adquisición Fuente de adquisición Total de préstamos Signatura topográfica completa Código de barras Visto por última vez Precio de reemplazo Tipo de ítem Koha
        Libros del s. XIX Biblioteca del Ateneo de Madrid Biblioteca del Ateneo de Madrid Sala Palomar 17/01/2008     C-1199(6) 1171000 23/02/2023 23/02/2023 Libro impreso antiguo